Carne y política en la argentina : los conflictos entre los trusts anglonorteamericanos y nuestra soberanía /
Guardado en:
| Autor Principal: | |
|---|---|
| Formato: | Libro |
| Publicado: |
Buenos Aires :
Paidós,
1983
|
| Series: | América Latina
|
| Materias: | |
| Etiquetas: |
Agregar Etiqueta
Sin Etiquetas, Sea el primero en etiquetar este registro!
|
| LEADER | 00964nam a22002175a 4500 | ||
|---|---|---|---|
| 001 | CEM.cems012256 | ||
| 005 | 20060906075329.0 | ||
| 008 | 130507s1983##################000#0#####d | ||
| 003 | CEMS | ||
| 082 | 0 | 4 | |a 330.982 |
| 100 | 1 | |a Smith, Peter H. | |
| 245 | 1 | 0 | |a Carne y política en la argentina : |b los conflictos entre los trusts anglonorteamericanos y nuestra soberanía / |c Peter H. Smith |
| 260 | |a Buenos Aires : |b Paidós, |c 1983 | ||
| 300 | |a 253 p. | ||
| 490 | 0 | |a América Latina | |
| 505 | 0 | |a Argentina : el proceso de modernización -- Visión general : la industria y los grupos de interés -- Yanquis, guerras y trusts -- Crisis -- La era de la guerra de la carne -- reacción ante la depresión -- El gran debate -- La lucha por el dominio -- Nueva alineación del conflicto | |
| 653 | |a Economía | ||
| 653 | |a Economía argentina | ||
| 653 | |a Carne | ||
| 653 | |a Crisis económica argentina | ||
| 859 | |a CEMS |b BIB. CEMS - 11 de abril |h 330.982 |i Sm63 |p 23147.05 |t Ej.1 | ||
